| 000 | 00458nam a22001457a 4500 | ||
|---|---|---|---|
| 020 | _a9780521318372 | ||
| 040 | _cNUST | ||
| 082 |
_a428.2407 _bHUT |
||
| 100 |
_aHutchinson, Tom _9125513 |
||
| 110 |
_aWaters, Alan _9125514 |
||
| 245 |
_aEnglish for Specific Purposes : _bA Learning-Centred Approach |
||
| 260 |
_aCambridge: _bCambridge University Press, _c2010. |
||
| 650 |
_aEnglish Language Business English Study and Teaching _9125515 |
||
| 942 |
_2ddc _cBK |
||
| 999 |
_c611249 _d611249 |
||